Statystyki dla Kraje Afryki według granic w 30 sekund

Kliknij tutaj aby rozwiązać quiz!

Ogólne statystyki

  • Ten quiz został rozwiązany 63 razy
  • Średni wynik to 15 z 54

Odpowiedzi na mapie

Odpowiedzi skodowane kolorowo w zielono-czerwonej skali na mapie do tego quizu, zgodnie z poniższymi procentami.
 

Statystyki odpowiedzi

Kraj% Poprawnych
Demokratyczna Republika Konga
70%
Republika Południowej Afryki
70%
Burkina Faso
62%
Egipt
62%
Mali
62%
Niger
59%
Sudan
59%
Algieria
57%
Libia
57%
Kongo
54%
Benin
49%
Zambia
49%
Maroko
46%
Namibia
43%
Nigeria
43%
Senegal
43%
Czad
41%
Angola
38%
Botswana
35%
Etiopia
35%
Malawi
30%
Tanzania
30%
Zimbabwe
27%
Ghana
24%
Mozambik
24%
Rwanda
24%
Togo
24%
Uganda
24%
Burundi
22%
Kenia
22%
Wybrzeże Kości Słoniowej
22%
Somalia
19%
Tunezja
19%
Republika Środkowoafrykańska
16%
Gambia
14%
Mauretania
14%
Gwinea
11%
Lesotho
11%
Erytrea
8%
Eswatini
8%
Kamerun
8%
Madagaskar
8%
Sudan Południowy
8%
Dżibuti
5%
Liberia
5%
Sierra Leone
5%
Gwinea Równikowa
3%
Mauritius
3%
Republika Zielonego Przylądka
3%
Seszele
3%
Gabon
0%
Gwinea Bissau
0%
Komory
0%
Wyspy Świętego Tomasza i Książeca
0%

Rozkład punktacji

Percentyl według liczby udzielonych odpowiedzi

Procent ludzi z każdym wynikiem

Twoja historia wyników

Nie rozwiązałeś tego quizu